Quiz sur la Marne - Statistiques

Statistiques générales
  • Ce quiz a été pris 367 fois
  • Le résultat moyen est 16 sur 20
Statistiques - réponses
Question Réponse % Correct
Région Grand Est
100%
Numéro du département 51
99%
Sous-préfecture et plus grande ville Reims
98%
Ancienne province à laquelle appartenait la Marne et boisson qui fut la richesse du territoire. Champagne
93%
Préfecture Châlons-en-Champagne
91%
Édifice où ont été sacrés 31 rois de France. Cathédrale Notre-Dame-de-Reims
90%
Haute-Marne
89%
Ardennes
88%
Autres sous-préfectures Epernay
84%
Aube
83%
Départements limitrophes Aisne
82%
Seine-et-Marne
77%
Gentilé Marnais
76%
Meuse
76%
Bien qu'issu d'un village d'Armorique, ce blond moustachu est né de l'imagination de deux artistes dont un est né dans la Marne. Astérix
73%
Conflit qui a vu éclater la bataille de la Marne. Première Guerre mondiale
73%
Celui du Der-Chantecoq est le plus vaste de France métropolitaine. Lac artificiel
64%
Vitry-le-François
55%
Point culminant du département qui porte le même nom qu'un mont égyptien situé sur la péninsule éponyme. Mont Sinaï
41%
Nombre d'habitants (arrondi à la dizaine de milliers d'habitants) 570 000 (568 895)
34%
Aucun quiz correspondant
Distribution des résultats
% des personnes avec chaque résultat
Percentile par nombre de réponses
Votre historique - résultats
Vous n’avez pas pris ce quiz